000 00768nam a22002537a 4500
001 BR9600937
003 BR-BrBNA
005 20230928095211.0
007 ta
008 230509b bl.||||| |||| 00| 0 por d
040 _aBR-BrBNA
_bpor
_cBiblioteca Nacional de Agricultura
041 _a(Por)
072 _aL01; E16
_b9410
090 _ 9410 BR9600937
110 1 _aDepartamento de Cooperativismo, Associativismo e Infra-Estrutura Rural, Brasilia, DF (Brasil)
_93153
245 1 _aSistema PNFC de produtividade e qualidade leiteira. Resumo da proposta
260 3 _aBrasilia, DF (Brasil):
_c[nd].
300 _a13 p.
650 _aLeite
650 _aControle de Qualidade
650 _aProdutividade
909 _a202309
_bLucia
_c55
_dLucia Elande
942 _cBK
999 _c55147
_d55147